Razas de perros. - Estadísticas

Estadísticas generales
  • Esta prueba ha sido intentada 455 veces
  • La puntuación promedio es 8 de 15
Estadísticas de respuestas
Imagen Respuesta % Correcto
Bull dog inglés
87%
Chihuahua
83%
Doberman Pincher
83%
Galgo español
77%
Bóxer
72%
American Pit Bull Terrier
71%
Gran Danés
62%
Border Collie
61%
Akita inu
53%
Bull terrier
44%
Dogo Argentino
38%
Shiba inu
36%
Setter irlandés
8%
Bullmastiff
6%
Mini Pincher
4%
No se encontraron pruebas coincidentes
Distribución de puntuación
Porcentaje de gente con cada puntuación
Porcentaje por número respondido
Historial de tus puntuaciones
No has intentado esta prueba.